Mashenka / (Record no. 110507)

MARC details
000 -LEADER
campo de control de longitud fija 00520nam a2200181 4500
001 - NÚMERO DE CONTROL
campo de control 110507
003 - IDENTIFICADOR DE NÚMERO DE CONTROL
campo de control ES-MaACL
005 - FECHA Y HORA DE LA ÚLTIMA TRANSACCIÓN
campo de control 20260121063017.0
007 - CAMPO FIJO DE DESCRIPCIÓN FÍSICA--INFORMACIÓN GENERAL
campo de control de longitud fija t|
008 - DATOS DE LONGITUD FIJA--INFORMACIÓN GENERAL
campo de control de longitud fija 061121s1972 sp r ||||1| spa d
100 ## - ENTRADA PRINCIPAL--NOMBRE DE PERSONA
Nombre de persona Nabokov, Vladimir
9 (RLIN) 239142
245 10 - MENCIÓN DEL TÍTULO
Título Mashenka /
Mención de responsabilidad, etc. Vladimir Nabokov ( seud.) ; [ traducción Andrés Besch].
260 ## - PUBLICACIÓN, DISTRIBUCIÓN, ETC.
Lugar de publicación, distribución, etc. Barcelona :
Nombre del editor, distribuidor, etc. Lumen,
Fecha de publicación, distribución, etc. 1972.
300 ## - DESCRIPCIÓN FÍSICA
Extensión 182 p. ;
Dimensiones 19 cm.
700 1# - ENTRADA AGREGADA--NOMBRE PERSONAL
Nombre de persona Besch, Andrés.
9 (RLIN) 28569
852 ## - LOCALIZACIÓN
Ubicación ES-MaACL
Número de control de estantería C-42479
Sublocalización o colección R.80764
Holdings
Estatus retirado Estado de pérdida Estado de daño No para préstamo Biblioteca de origen Biblioteca actual Ubicación en estantería Fecha de adquisición Fuente de adquisición Total de préstamos Signatura topográfica completa Código de barras Visto por última vez Precio de reemplazo Tipo de ítem Koha
        Biblioteca del Ateneo de Madrid Biblioteca del Ateneo de Madrid Depósito 2 17/01/2008     C-42479 1115296 23/02/2023 23/02/2023 Libro impreso